Mathématiques - Statistiques

Statistiques générales
  • Ce quiz a été pris 244 fois
  • Le résultat moyen est 9 sur 15
Statistiques - réponses
Questions Réponses % Correct
24+143= 167
97%
Quel est le 124e chiffre après le virgule du nombre 1/7 ? 8
89%
Combien de côtés possède un octogone? 8
89%
671/2= 335,5
80%
On lance un dé de 6 faces deux fois, quelle est la probabilité d'avoir deux fois 6. (on exprime le résultat en fraction) 1/36
79%
Combien faut-il de bouteilles de 500 mL pour remplir 7€ d'essence à 1,5€/L? 10
76%
Antoine a 6 amoureuses. S'il en gagne une par semaine et en perd une tous les 10 jours, combien d'amoureuses aura-t-il dans 140 jours? 12
76%
21^2= 441
64%
5+35*23= 810
64%
5! = 120
58%
21^4= 194 481
44%
1+2+3+...+1000= 500 500
40%
Quelles sont les solutions de l'équation x^2 - 12x + 20 ? (on utilise "&" pour séparer les solutions) 2 & 10
30%
Un youtubeur ayant 1540 abonnés sort une vidéo, le lendemain, cette vidéo a 198 vues. On suppose qu'il n'y a que les abonnés qui regarde cette vidéo, et que 20% de ceux qui ont vu la vidéo la regarde une deuxième fois (donc génère une deuxième vue). Quel est le pourcentage d'abonnés qui regardent deux fois cette vidéo? (on arrondit le résultat à 0,01 % près) 2.14%
12%
Supposons l'existence d'une telle voiture: après avoir roulé 1 km, sa vitesse (en km/h) est égale à sa distance (km) parcourue. Si cette voiture a déjà parcouru 1 km, combien de kilomètres peut-elle parcourir au bout de cinq heures? (on arrondis le résultat au kilomètre près) 148
9%
Aucun quiz correspondant
Distribution des résultats
% des personnes avec chaque résultat
Percentile par nombre de réponses
Votre historique - résultats
Vous n’avez pas pris ce quiz